000 01147nam a2200301Ia 4500
003 OSt
005 20221007123410.0
006 a|||||r|||| 00| 0
007 ta
008 221006b |||||||| |||| 00| 0 eng d
020 _a8120320646 (pbk)
_cRs.395.00
024 _a11190
037 _bAshutosh,
_cTextual
040 _aPAPL
_cPAPL
_beng
041 _2eng
_aeng
082 _aD65,2, P2-;1
100 _aBoylestad Robert L
_9451746
245 0 _aElectronic devices and circuit theory by Robert L Boylestad and Louis Nashelsky
_b Nashelsky Louis
250 _aEd 8
260 _aNew
_bDelhi Prentice-Hall of India Pvt. Ltd.
_c2002
300 _axviii, 1020p
_ccm.
500 _aAppendix A-E, 984-1011p; Index 1013-1020p; ^n23/CSL/CARPA/2003-2004/1001^b2003-11-10^mPurchase; ; 2003-04/500^b2003-11-20^cATB/131^d2003-11-10^eRs.6,111.00^fAshutosh Technical Books; ; 2004-01-16^bSB^c2004-01-16^dVinay
650 _a Circuits
_9473600
650 _aElectronics
700 _a Nashelsky Louis
_9464281
942 _hD65,2, P2-;1
_cTEXL
_2CC
999 _c1211824
_d1211824